000 01096nam2a22002531 4500
001 rc\4528795
005 20250612110656.0
021 _aRU
_b[59-47661]
035 _a(NLR Aleph) 008628444
090 _a8867219
_c8867219
100 _a20130416d1959 |||y0rusy50 ca
101 0 _arus
102 _aRU
105 _ay z |||||
200 0 _aСб. 1
_f[Ред. доц. А. Пеков]
210 _d1959
_aБ. м.
215 _a88 с.
461 0 _1001rc\4528794
_12001#$aКаталоги исторического материализма$e[Сборник статей]$fПод ред. проф. М. Джунусова$gМ-во высш. образования. Кирг. гос. ун-т. Кафедра философии. Сб. 1-$vСб. 1
_98867216
_cФрунзе
_d1959
_fПод ред. проф. М. Джунусова
_nБ. и.
_o[Сборник статей]
_tКаталоги исторического материализма
_vСб. 1
702 1 _aПеков
_bА.
_4340
801 0 _aRU
_bNLR
_gpsbo
801 1 _aRU
_bELAR
_2rusmarc
852 _aNLR
_j59-4/12743
942 _cBOOK
980 _aNB